[Event "FRA-chT1"]
[Site "France"]
[Date "2002.??.??"]
[Round "11.7"]
[White "Marquet, Mathieu"]
[Black "Giffard, Nicolas"]
[Result "1/2-1/2"]
[WhiteElo "1950"]
[BlackElo "2303"]
[PlyCount "42"]
[EventDate "2002.02.??"]
[EventType "team"]
[EventRounds "11"]
[EventCountry "FRA"]
[SourceTitle "EXT 2003"]
[Source "ChessBase"]
[SourceDate "2002.11.25"]
[SourceVersion "1"]
[SourceVersionDate "2002.11.25"]
[SourceQuality "1"]
[WhiteTeam "Noyon"]
[BlackTeam "Drancy"]
[WhiteTeamCountry "FRA"]
[BlackTeamCountry "FRA"]

1. e4 g6 2. d4 Bg7 3. c4 d6 4. Nc3 Nd7 5. Be3 e5 6. d5 Nh6 7. h4 f6 8. Be2 Nc5 9. Qd2 Nf7 10. b4 Na6 11. Rb1 Qe7 12. c5 dxc5 13. Bxa6 bxa6 14. bxc5 0-0 15. f3 h5 16. Nge2 Kh7 17. Nc1 Bh6 18. Nd3 f5 19. d6 cxd6 20. Nd5 Qd8 21. c6 Bxe3 1/2-1/2